Catálogo

EL MEDITERRANEO OTRA VEZ (Registro nro. 17200)

Detalles MARC
000 -LEADER
fixed length control field 00482nam a2200181 a 4500
001 - CONTROL NUMBER
control field 17200
005 - DATE AND TIME OF LATEST TRANSACTION
control field 20180713210316.0
008 - FIXED-LENGTH DATA ELEMENTS--GENERAL INFORMATION
fixed length control field 140415s1987 000 0 spa d
020 ## - INTERNATIONAL STANDARD BOOK NUMBER
International Standard Book Number M13581987
041 ## - LANGUAGE CODE
Language code of text/sound track or separate title spa
082 ## - DEWEY DECIMAL CLASSIFICATION NUMBER
Classification number 940.1822
Item number MED
245 03 - TITLE STATEMENT
Title EL MEDITERRANEO OTRA VEZ
260 ## - PUBLICATION, DISTRIBUTION, ETC.
Place of publication, distribution, etc. [s.l.] :
Name of publisher, distributor, etc. ENCUENTRO,
Date of publication, distribution, etc. 1987
300 ## - PHYSICAL DESCRIPTION
Extent 123
490 ## - SERIES STATEMENT
Series statement LIBROS DE BOLSILLO
Volume/sequential designation 35
650 14 - SUBJECT ADDED ENTRY--TOPICAL TERM
Topical term or geographic name entry element MEDITERRANEO
General subdivision HISTORIA
700 1# - ADDED ENTRY--PERSONAL NAME
Personal name RODRIGUEZ FIERRO, MA. JOSE
Relator term tr.
Existencias
Withdrawn status Lost status Source of classification or shelving scheme Damaged status Not for loan Collection code Home library Current library Shelving location Date acquired Source of acquisition Inventory number Total Checkouts Full call number Barcode Date last seen Price effective from Koha item type
    Dewey Decimal Classification     General Biblioteca Karol Wojtyla Biblioteca Karol Wojtyla Sala general 03/12/2013 Compra 151000000000000000035995   940.1822 MED 35338 05/01/2026 03/12/2013 Libro